Digital library NIIT / (Record no. 9241)
[ view plain ]
| 000 -LEADER | |
|---|---|
| fixed length control field | 00362 a2200121 4500 |
| 082 ## - DEWEY DECIMAL CLASSIFICATION NUMBER | |
| Classification number | PGDIT-2 |
| 090 ## - LOCALLY ASSIGNED LC-TYPE CALL NUMBER (OCLC); LOCAL CALL NUMBER (RLIN) | |
| -- | 5368 |
| -- | 5368 |
| 100 ## - MAIN ENTRY--PERSONAL NAME | |
| Personal name | Sana Nafees. |
| 245 ## - TITLE STATEMENT | |
| Title | Digital library NIIT / |
| Statement of responsibility, etc. | Sana Nafees. |
| 260 ## - PUBLICATION, DISTRIBUTION, ETC. | |
| Place of publication, distribution, etc. | Islamabad: |
| Name of publisher, distributor, etc. | NUST School of Electrical Engineering & Computer Science, |
| Date of publication, distribution, etc. | 2000. |
| 300 ## - PHYSICAL DESCRIPTION | |
| Extent | 68 p. : |
| Other physical details | ill. ; |
| Dimensions | 27 cm. + |
| Accompanying material | CD-ROM. |
| 942 ## - ADDED ENTRY ELEMENTS (KOHA) | |
| Koha item type | Project Report |
| Call number prefix | PGDIT-2 SAN |
| Withdrawn status | Lost status | Damaged status | Not for loan | Permanent Location | Current Location | Date acquired | Total Checkouts | Full call number | Barcode | Date last seen | Price effective from | Koha item type |
|---|---|---|---|---|---|---|---|---|---|---|---|---|
| Central Library (CL) | Central Library (CL) | 11/14/2012 | PGDIT-2 SAN | SEECSThesis4 | 11/14/2012 | 11/14/2012 | Book |
